Performance Measurement Models
Meranie výkonnosti je súčasťou cyklu plánovania a kontroly a umožňuje podanie spätnej väzby. Celostný pohľad merania výkonnosti a vývoj strategických plánov podniku. Prehľad o vývoji merania výkonnosti modelov.
Guardado en:
| Autor principal: | |
|---|---|
| Formato: | Capítulo de libro |
| Lenguaje: | inglés |
| Materias: | |
| Etiquetas: |
Sin Etiquetas, Sea el primero en etiquetar este registro!
|
MARC
| LEADER | 00000nla a2200000 4500 | ||
|---|---|---|---|
| 001 | 0216456 | ||
| 005 | 20240502073616.2 | ||
| 041 | 0 | |a eng | |
| 044 | |a SK | ||
| 245 | 1 | 0 | |a Performance Measurement Models |c Kristína Jančovičová Bognárová |
| 520 | |a Meranie výkonnosti je súčasťou cyklu plánovania a kontroly a umožňuje podanie spätnej väzby. Celostný pohľad merania výkonnosti a vývoj strategických plánov podniku. Prehľad o vývoji merania výkonnosti modelov. | ||
| 610 | 2 | 0 | |a riadenie výkonov |
| 610 | 2 | 0 | |a meranie výkonnosti |
| 610 | 2 | 0 | |a metódy organizácie |
| 610 | 2 | 0 | |a výkonnosť podniku |
| 610 | 2 | 0 | |a funkcie podniku |
| 610 | 2 | 0 | |a efektívnosť |
| 610 | 2 | 0 | |a modely |
| 100 | 1 | |a Jančovičová Bognárová, Kristína, 1979- | |